Statystyki dla Męskie Imiona na literę E

Kliknij tutaj aby rozwiązać quiz!

Ogólne statystyki

  • Ten quiz został rozwiązany 183 razy
  • Średni wynik to 7 z 14

Statystyki odpowiedzi

Imiona% Poprawnych
Edward
85%
Eryk
83%
Emil
75%
Eugeniusz
61%
Eustachy
52%
Edmund
48%
Ernest
42%
Emanuel
38%
Euzebiusz
35%
Emilian
31%
Edwin
30%
Erwin
30%
Eliasz
28%
Edgar
15%

Rozkład punktacji

Percentyl według liczby udzielonych odpowiedzi

Procent ludzi z każdym wynikiem

Twoja historia wyników

Nie rozwiązałeś tego quizu